Reflexoes sobre a educaçao jurídica (Registro nro. 21704)
[ vista simple ]
| 000 -LEADER | |
|---|---|
| fixed length control field | 00324 a2200109 4500 |
| 001 - CONTROL NUMBER | |
| control field | ART_41785 |
| 005 - DATE AND TIME OF LATEST TRANSACTION | |
| control field | 20260410161814.0 |
| 008 - FIXED-LENGTH DATA ELEMENTS--GENERAL INFORMATION | |
| fixed length control field | 260409a |
| 100 1# - MAIN ENTRY--PERSONAL NAME | |
| Personal name | Ancona de Faria, Adriana |
| 245 10 - TITLE STATEMENT | |
| Title | Reflexoes sobre a educaçao jurídica |
| 773 0# - HOST ITEM ENTRY | |
| Title | Academia |
| Related parts | - Año 12, Nº 24 (jul./dic. 2014) |
| Record control number | REV4314 |
No hay ítems disponibles.